000 00917nac a22002777a 4500
001 BR9300247
003 BR-BrBNA
005 20240105121331.0
008 230509b bl.|||m| |||| 00| 0 por d
040 _aBR-BrBNA
_bpor
_cBiblioteca Nacional de Agricultura
072 _aE16
090 _aE16 BR9300247
100 1 _aNeumaier, M.C.
100 1 _aShiki, S.
110 1 _aFundacao Instituto Agronomico do Parana, Londrina (Brasil)
245 1 _aEnsaios metodologicos de pesquisa em sistemas de producao no Parana; 1981 - 88
260 3 _aLondrina, PR (Brasil):
_c1991.
300 _a31 p.
490 _aBoletim Tecnico - Fundacao Instituto Agronomico do Parana (Brazil)
_vno. 38
_xISSN 0100-3054
500 _aSummaries (En, Pt); 8 ref.
650 _aSistema de Producao
650 _aPesquisa Agricola
650 _aParana
909 _a202312
_bLúcia Elande
_c55
_dLúcia Elande
942 _2AGRIS
_n0
_cMS
999 _c284698
_d284698